[Event "Oberpfalz-ch M3"]
[Site "Bad Koetzting"]
[Date "2018.03.25"]
[Round "4"]
[White "Baumueller, Steffen"]
[Black "Gleis, Wolfgang"]
[Result "1/2-1/2"]
[WhiteElo "1551"]
[BlackElo "1590"]
[PlyCount "22"]
[EventDate "2018.03.24"]
[EventType "swiss"]
[EventRounds "8"]
[EventCountry "GER"]
[SourceTitle "EXT 2020"]
[Source "ChessBase"]
[SourceDate "2019.10.17"]
[SourceVersion "1"]
[SourceVersionDate "2019.10.17"]
[SourceQuality "1"]

1. d4 Nf6 2. Bf4 g6 3. e3 Bg7 4. Nf3 d6 5. h3 Ne4 6. Be2 Nc6 7. 0-0 0-0 8. c4 e5 9. Bh2 f5 10. Nc3 Nxc3 11. bxc3 e4 1/2-1/2

[Event "Oberpfalz-ch M3"]
[Site "Bad Koetzting"]
[Date "2018.03.25"]
[Round "3"]
[White "Hummel, Peter"]
[Black "Baumueller, Steffen"]
[Result "0-1"]
[WhiteElo "1439"]
[BlackElo "1551"]
[PlyCount "108"]
[EventDate "2018.03.24"]
[EventType "swiss"]
[EventRounds "8"]
[EventCountry "GER"]
[SourceTitle "EXT 2020"]
[Source "ChessBase"]
[SourceDate "2019.10.17"]
[SourceVersion "1"]
[SourceVersionDate "2019.10.17"]
[SourceQuality "1"]

1. e3 d5 2. d3 Nf6 3. Be2 c5 4. b3 Bf5 5. Bb2 e6 6. Nd2 Nc6 7. g4 Bg6 8. h4 h5 9. g5 Nd7 10. a3 d4 11. e4 e5 12. Nh3 Bd6 13. Nc4 Bc7 14. Bc1 b5 15. Nb2 Qb8 16. Rf1 f5 17. gxf6 gxf6 18. Rg1 Ne7 19. Bf3 Qb6 20. Qe2 Qe6 21. Rg3 Bd6 22. Bd2 0-0-0 23. 0-0-0 Rdg8 24. Rdg1 Be8 25. R1g2 Rxg3 26. Rxg3 Rg8 27. Ng1 Qf7 28. Bg2 Nf8 29. Bh3+ Bd7 30. Bxd7+ Kxd7 31. Qe1 Ne6 32. Rxg8 Qxg8 33. f3 Qg2 34. Nd1 Ng6 35. Qf2 Qxf2 36. Nxf2 Nxh4 37. Kd1 Ke7 38. Ke2 Ng6 39. Be1 Nef4+ 40. Kf1 c4 41. dxc4 bxc4 42. a4 c3 43. Ne2 Ba3 44. Nxc3 dxc3 45. Bxc3 Bc5 46. Bd2 a6 47. Nd3 Nxd3 48. cxd3 Nf4 49. Bxf4 exf4 50. Kg2 Ke6 51. Kh3 Ke5 52. Kh4 Kd4 53. Kxh5 Kxd3 54. Kg4 Ke3 0-1